Responses for Show #4669 - Thursday, December 16, 2004

Contestants

[<< previous game]

Cliff Kowalczyk, a trucking subcontractor from Lakewood, Ohio

Grayson Holmes, a legal assistant from Washington, D.C.

Joel Kahn, a physician from Irvine, California (whose 2-day cash winnings total $34,200)

[next game >>]

Jeopardy! Round responses

W.H.O.
WHAT'S COOKING, COWBOY?
WHEN WAS THAT MOVIE?
WHERE IS THAT, PIERRE?
WHY DIDN'T I THINK OF THAT?
"HOW" NOW
    $200 24
the U.N.

Cliff
    $200 18
coffee

Joel
    $200 14
2001: A Space Odyssey

Grayson
    $200 1
the Mediterranean

Cliff
    $200 6
(Grayson: What is an electric current?)
(Alex: Be more specific.)
(Grayson: Direct Current?)

A.C.

GraysonCliff
    $200 9
how I wonder what you are

Cliff
    $400 25
AIDS

Cliff
    $400 19
a chuckwagon

Cliff
    $400 15
1984

Cliff
    $400 2
Switzerland

Cliff
    $400 7
a silencer

Cliff
    $400 10
How do I love thee

Cliff
    $600 26
Geneva

Grayson
    $600 20
mesquite

Cliff
    $600 21
1776

Cliff
    $600 3
Brittany

Cliff
    $600 8
train cars

Joel
    $600 11
Howlin' Wolf

Joel
    $800 27
SARS

Cliff
    $800 29
(Joel: What is a T-bone?)

ribeye

JoelGrayson
    $800 22
1941

Cliff
    $800 4
Brie

Grayson
    $2,800 16
(Cliff: Going to have to go $2800!)
(Alex: You don't have to, you choose to.)
(Cliff: I choose to!)

Wite-Out (or Liquid Paper)

Cliff
    $800 12
How to Win Friends and Influence People

Grayson
    $1000 28
polio

Joel
    $1000 30
sourdough

Triple Stumper
    $1000 23
Summer of '42

Cliff
    $1000 5
Martinique

Joel
    $1000 17
(Cliff: What is a helmet?)

a gas mask

JoelCliff
    $1000 13
How to Save Your Own Life

Triple Stumper

Scores at the first commercial break (after clue 15):

Joel Grayson Cliff
$2,200 $1,600 $2,800

Scores at the end of the Jeopardy! Round:

Joel Grayson Cliff
$3,600 $3,000 $9,400

Double Jeopardy! Round responses

WHO-SIERS
PIANISTS
DISASTER DIGEST
McCLURE'S MAGAZINE
PLACES
"P"s ON EARTH
    $400 7
Red Skelton

Cliff
    $400 1
Harry S. Truman

Joel
    $400 19
London

Grayson
    $400 26
(Grayson: What is Washington, D.C.?)

Rhode Island

JoelGrayson
    $400 2
Sicily

Joel
    $400 8
pole vault

Cliff
    $800 15
Cole Porter

Grayson
    $800 13
Fats Waller

Grayson
    $800 20
the Parthenon

Cliff
    $800 28
the Charleston

Grayson
    $800 3
Lansing

Grayson
    $800 9
Camp Pendleton

Joel
    $1200 16
Kurt Vonnegut

Joel
    $1200 14
Franz Liszt

Joel
    $1200 21
San Francisco

Grayson
    $700 29
Cuba

Grayson
    $1200 4
(Grayson: What is New South Wales?)

Victoria

Grayson
Triple Stumper
    $1200 10
Zebulon Pike

Joel
    $1600 17
Wendell Wilkie

Triple Stumper
    $1600 24
Earl Hines

Joel
    $1600 22
Japan

Cliff
    $1600 30
Willa Cather

Joel
    $1600 5
Lesotho

Grayson
    $1600 11
Persephone

Grayson
    $3,000 18
(Joel: Who was La Follette?)

Eugene Debs

Joel
    $2000 25
Van Cliburn

Cliff
    $2000 23
yellow fever

Grayson
    $2000 27
Rudyard Kipling

Grayson
    $2000 6
Cornwall

Grayson
    $2000 12
Plantagenet

Joel

Scores at the end of the Double Jeopardy! Round:

Joel Grayson Cliff
$11,400 $16,100 $14,600

[wagering suggestions for these scores]

Final Jeopardy! Round responses

HISTORIC OBJECTS
JoelWhat is the Bayeux Tapestry?
$11,200
CliffWhat is the Bayeux Tapestry
$10,000
GraysonWhat is the Bayeux Tapestry?
$13,101
the Bayeux Tapestry

Final scores:

Joel Grayson Cliff
$22,600 $29,201 $24,600
3rd place: $1,000 New champion: $29,201 2nd place: $2,000

Game dynamics:

Coryat scores:

Joel Grayson Cliff
$14,400 $16,600 $12,600
16 R,
2 W
(including 1 DD)
17 R
(including 1 DD),
3 W
22 R
(including 1 DD),
1 W

Combined Coryat: $43,600

[game clues] [game scores] [suggest correction]

Game tape date: 2004-09-13
The J! Archive is created by fans, for fans. Scraping, republication, monetization, and malicious use prohibited; this site may use cookies and collect identifying information. See terms. The Jeopardy! game show and all elements thereof, including but not limited to copyright and trademark thereto, are the property of Jeopardy Productions, Inc. and are protected under law. This website is not affiliated with, sponsored by, or operated by Jeopardy Productions, Inc. Join the discussion at JBoard.tv.